000 00613nam a2200229Ia 4500
003 OSt
005 20220923220820.0
006 a|||||r|||| 00| 0
007 ta
008 220922b |||||||| |||| 00| 0 hin d
024 _a190,806
037 _cTextual
040 _aARTS
_cARTS
_bhin
041 _2hin
_ahin
082 _aR631x3,1, 152K2;N1
100 _aउदयवीर
245 0 _aसांख्य सिद्धान्त
246 _aSāankhya siddhānta
260 _c1962
942 _hR631x3,1, 152K2;N1
_cTEXL
_2CC
999 _c343553
_d343553